000 00318nam a22001337a 4500
003 SGT
020 _a97815-43344-59-2
100 _aUSMAN, RAGEEB
245 _aA TEXT BOOK OF MEDICAL PLANT BIOTECHNOLOGY
260 _aS, VIKASH
_bPUNJAB
_c2021
650 _aBIOTECHNOLOGY
653 _a MEDICAL PLANT
942 _2ddc
_cBK
999 _c24737
_d24737